000
00232nam a2200097Ia 4500
001
651480
005
20250826154420.0
008
250824s9999 xx 000 0 und d
245
0
_a
MARTI PONYFEE VE BÜYÜLÜ LUNAPARK
260
_b
MARTI
999
_c
651480
_d
651480